Keramika Jitky Petrikovičovej

Bibliographic Details
Main Author: Hlaváč, Ľudovít, 1921-2007 (Author)
Format: Article
Language:Slovak
Subjects:

MARC

LEADER 00000nab a2200000 a 4500
001 vtls010041973
003 SK-MaSNL
005 20260304155109.0
008 250507c1973 xo |r|p|||||||000 b|slo
015 |a SNBRB1973 
035 |a (uuid)321e3f3a-a4d8-43d3-8e07-07ccb33ea36f 
035 |a urn:nbn:sk:snk-ab15j1 
035 |a (urnnbn)urn:nbn:sk:snk:ar-0052j1 
038 |a SNKBUCL 
040 |a SNKBUCL  |b slo  |c SNKBUCL  |e AACR2 
041 0 |a slo 
044 |a xo  |c SK 
080 |a 738.071.1  |2 1997 
100 1 |a Hlaváč, Ľudovít,  |d 1921-2007  |4 aut  |9 238661 
245 1 0 |a Keramika Jitky Petrikovičovej  |c Ľudovít Hlaváč 
600 1 7 |a Petrikovičová, Jitka,  |d 1926-2012  |2 snkbucl  |9 185604 
655 7 |a profily  |2 snkbucl  |9 341977 
773 0 |t Výtvarný život  |g Roč. 18, č. 4 (1973), s. 33-34 
850 |a Slovenská národná knižnica 
852 |a Slovenská národná knižnica 
954 |a odborná, vedecká literatúra pôvodná (slovenská)  |2 lita 
958 |a article27 
958 |a BX 
958 |a OND 
958 |a EUIPO 
999 |c 2960749  |d 2962679